Modern arms and free men (Record no. 1438637)

MARC details
000 -LEADER
fixed length control field 00523nam a2200193Ia 4500
005 - DATE AND TIME OF LATEST TRANSACTION
control field 20250923144423.0
008 - FIXED-LENGTH DATA ELEMENTS--GENERAL INFORMATION
fixed length control field 008 250917s9999 xx 000 0 eng d
037 ## - SOURCE OF ACQUISITION
Stock number Textual
040 ## - CATALOGING SOURCE
Original cataloging agency DSWL
Language of cataloging eng
Transcribing agency DSWL
041 ## - LANGUAGE CODE
Language code of text/sound track or separate title eng
Source of code eng
084 ## - COLON CLASSIFICATION NUMBER
Classification number W6:914, J0
Assigning agency DSWL
100 ## - MAIN ENTRY--PERSONAL NAME
Personal name Bush, Vannervar
9 (RLIN) 824739
245 #0 - TITLE STATEMENT
Title Modern arms and free men
Statement of responsibility, etc. by Vannervar Bush
260 ## - PUBLICATION, DISTRIBUTION, ETC.
Place of publication, distribution, etc. London
Date of publication, distribution, etc. 1950
365 ## - TRADE PRICE
Price type code INR
Price amount 10.6
925 ## -
-- 10.6
942 ## - ADDED ENTRY ELEMENTS (KOHA)
Koha item type Textual
Classification part W6:914, J0
Holdings
Withdrawn status Lost status Damaged status Not for loan Home library Current library Date acquired Total Checkouts Full call number Barcode Date last seen Price effective from Koha item type
        Department of Social Work Library Department of Social Work Library 2025-09-23   W6:914, J0 SW0002594 2025-09-23 2025-09-23 Textual
Copyright @ Delhi University Library System